• 首页
  • 本馆介绍
  • 公告通知
  • 最新文献
  • 馆藏检索
  • 电子资源
  • 读者导购
  • 参考咨询
  • 我的图书馆
  • 登录
  • 详细信息显示
  • 放入我的书架
  • 预约/预借图书
  • 作者相关作品
  • 分类相关作品
  • 丛书相关作品
  • 出版社相关作品

书目信息

  • 表格格式
  • 工作单格式
  • 卡片格式
题名:
中国饲料工业年鉴
    
 
作者: 马有祥 , 杨振海 主编 ;全国饲料工作办公室 , 中国饲料工业协会 编
分册: 2016  
出版信息: 北京   中国农业出版社  2017.08
页数: 560页
开本: 27cm
丛书名:
单 册:
中图分类: F326.3-54
科图分类:
主题词: 饲料工业--中国--2016--年鉴
电子资源:
ISBN: 978-7-109-23164-1
000 00905nam0 2200253 450
001 1325
005 20180929081450.21
010    @a978-7-109-23164-1@b精装@dCNY150.00
100    @a20180217d2017 em y0chiy50 ea
101 0  @achi
102    @aCN@b110000
105    @aak z 000yy
200 1  @a中国饲料工业年鉴@9zhong guo si liao gong ye nian jian@h2016@f[马有祥,杨振海主编]@g全国饲料工作办公室,中国饲料工业协会编
210    @a北京@c中国农业出版社@d2017.08
215    @a560页@c彩照,图@d27cm
314    @a主编取自本书编辑委员会
606 0  @a饲料工业@y中国@z2016@j年鉴
690    @aF326.3-54@v5
701  0 @a马有祥@9ma you xiang@4主编
701  0 @a杨振海@9yang zhen hai@4主编
712 02 @a全国饲料工作办公室@9quan guo si liao gong zuo ban gong shi@4编
712 02 @a中国饲料工业协会@9zhong guo si liao gong ye xie hui@4编
801  0 @aCN@b91MARC@c20180217
905    @aMuseLib@dF326.3-54@e189(2016)
    
    中国饲料工业年鉴.2016/[马有祥,杨振海主编]/全国饲料工作办公室,中国饲料工业协会编.-北京:中国农业出版社,2017.08
    560页:彩照,图;27cm
    
    
    ISBN 978-7-109-23164-1(精装):CNY150.00
    
●
相关链接 在E读中查询图书 在五车中查询图书 在当当中查询图书 在豆瓣中查询图书


正题名:中国饲料工业年鉴     索取号:F326.3-54/189(2016)         预约/预借

序号 登录号 条形码 馆藏地/架位号 状态 备注
1 1122125   211221257   第一样本阅览室/ [索取号:F326.3-54/189(2016)] 在馆    
2 1122126   211221266   密集书库-生命科学系/ [索取号:F326.3-54/189(2016)] 在馆    
唐山师范学院图书馆 欢迎您!
大连网信软件有限公司© 版权所有